000
00276nam a22001217a 4500
082
_a
823
_b
FRA/D
100
_a
FRANK,ANNE
245
_a
THE DIARY OF A YOUNG GIRL
260
_a
NEW DELHI
_b
AVICHAL PUBLISHING COMPANY
300
_a
430
650
_a
DIARY
_z
NEW DELHI
942
_c
BK
999
_c
5088
_d
5088